Регионална библиотека "Любен Каравелов" - Русе

Географо-статистически джобен сборник (Запис номер 175186)

MARC детайли
000 -Лидер
Контролно поле с фиксирана дължина 01148nam a2200313 c 4500
003 - Код на организацията, давaща контролен номер
Контролно поле BLK
005 - Дата и час на последна редакция
Контролно поле 20220214162555.0
008 - Елементи от данни с фиксирана дължина
fixed length control field 180411b bul|||||r ||||||| ||bul||
010 ## - Наследен системен номер
LC control number KNG00183714000
040 ## - Източник на каталожния запис
Идентификатор на билиотеката - собственик на записа BLK
041 ## - Код за език
Код за езика на текст/звукозапис или на отделно заглавие Български
Код за езика КДБФ Български
080 ## - УДК
Текстов определител УДК География
УДК код - определител по УДК 91
УДК определител :31
УДК - код + определител 91:31
100 1# - Редна дума - Автор
Автор Хикман, Антон Лео
Авторска отговорност първи автор
R(LIN) 340049
139 ## - Редно поле
Редна дума Хикман, Антон Лео
Авторски знак Хиг - Х 48
245 10 - Сведения за заглавието
Заглавие Географо-статистически джобен сборник
Редно поле (дума) Антон Лео Хикман; наредил Драгутин Карл Валтер.
257 ## - Страна на издаване
Страна на създаване/издаване България
260 ## - Област на издателските данни
Година на издаване 1900
Печатница Русе : печ. и литогр. Л. Екарт
300 ## - Физическа характеристика
Страници 112 с.
Илюстрации и др. с табл.
Размери/Мащаб 18 см
380 ## - Жанр
Жанр География
650 #4 - Допълнително описание по предмет – тема
Основно описание – тема или топоним География
9 (RLIN) 151794
653 ## - Ключова дума – ненормативна
Ключова дума география
653 ## - Ключова дума – ненормативна
Ключова дума статистически материали
700 1# - Други автори (авторска отговорност)
Лично име Валтер, Драгутин Карл
Автороска отговорност (Описва отношението между автора и произведението) наредил
9 (RLIN) 380133
852 ## - Местоположение
Форматна сигнатура Цб І 9034
852 ## - Местоположение
Форматна сигнатура К 91/Х 48
856 4# - Електронен адрес и достъп
Електронен формат pdf - файл
856 4# - Електронен адрес и достъп
Електронен формат pdf - файл
999 ## - СИСТЕМНИ КОНТРОЛНИ НОМЕРА
Koha biblionumber 175186
Koha biblioitemnumber 175186
942 ## - АРТИКУЛИ
Вид на библиотечния материал Книги
Скрит в OPAC Не
Периодичен библиозапис Да
944 ## - СЪЗДАВАНЕ И РЕДАКЦИЯ на ЗАПИСА
Създаване/Редакция Създаване
Дата на регистрацията/редакция 15.10.2015
Служител, извършил регистрацията/редакцията Милена_Ачева
944 ## - СЪЗДАВАНЕ И РЕДАКЦИЯ на ЗАПИСА
Създаване/Редакция Редакция
Дата на регистрацията/редакция 15.10.2015
Служител, извършил регистрацията/редакцията Геновева_Генчева
999 ## - СИСТЕМНИ КОНТРОЛНИ НОМЕРА
Koha biblioitemnumber 175186
Наличности
Код за отписване Код за изгубен артикул Източник на класификационната схема Код за повреда Коз за рестрикции Код за отдаване Артикулен № Име на библиотеката - собственик Име на библиотеката, в която се намира в момента Статус (Текущо местоположение) Дата на вписване в системата Местоположение - отдел Цена в лева Инвентарен номер Систематично азбучна сигнатура Баркод Номер на екземпляра Цена в евро Служебна бележка Служебен тип на артикула
  Не е изгубен Universal Decimal Classification Не е повреден без рестрикции ползва се в читалня 301431 Регионална библиотека "Любен Каравелов" Русе Регионална библиотека "Любен Каравелов" Русе Краезнание 1900-01-01 Краезнание 0.50 2489/66 К 91/Х 48 900000003298 1 0.26 Вид: Сф N: стар фонд Дата: 01.01.1900 Дата инв: 06.11.2017 Бележки инв: К2017 Книги
Vip Innovations Ltd, Rousse, Bulgaria 2025